| 000 | 00512nam a2200193 a 4500 | ||
|---|---|---|---|
| 001 | 1761117814353 | ||
| 003 | YourLibrary | ||
| 005 | 20251022125505.0 | ||
| 008 | 251022s2001##################000#0#eng## | ||
| 020 | _a9789058230881 | ||
| 082 | 0 | 4 |
_a591.46 _bBIA |
| 100 | 1 |
_aBianki, V L, _eauthor. |
|
| 245 | 1 | 0 | _aSex Differences in Lateralization in the Animal Brain : |
| 260 |
_bCRC Press, _c2001. |
||
| 300 | _a224 pages | ||
| 650 | 0 | _aMedical. | |
| 942 | _cENGLISH | ||
| 040 |
_aYourLibrary _beng _cYourLibrary |
||
| 999 |
_c592510 _d592510 |
||